书目信息 |
| 书名: | NOW WHAT ? | |
| 作者: | LAURA BERMAN FORTGANG | |
| 分册号: | ||
| 分册名: | 出版地: | CANADA |
|
| 出版社: | TARCHER BOOKS | |
| 出版时间: | 2004 | |
| 页数: | 249P | |
| 开本: | 22CM | |
| 丛书名: | ||
| 中图分类号: | ||
| 科图分类号: | ||
| 其他分类号: | R395.6 | |
| 主题词: | ||
| 电子资源: | ||
| 000 | 00371nam0 2200133 450 | |
| 001 | 202012000169 | |
| 005 | 20121107103627.0 | |
| 008 | 12101401s | |
| 020 | @a9781585423217@bHARD@c$19.95 | |
| 099 | @dR395.6@eL372 | |
| 245 | @aNOW WHAT ?@cLAURA BERMAN FORTGANG | |
| 260 | 0 | @aCANADA@bTARCHER BOOKS@c2004 |
| 300 | @a249P@c22CM | |
| 905 | @aTSG@b5838-9@dR395.6@eL372 | |
| NOW WHAT ? / LAURA BERMAN FORTGANG.-CANADA : TARCHER BOOKS , 2004 |
| 249P ; 22CM |
| ISBN 9781585423217HARD$19.95 |
| ● |
| 相关链接 |
|
|
|
正题名:NOW WHAT ?
索取号:R395.6/L372
 
预约/预借
| 序号 | 登录号 | 条形码 | 馆藏地/架位号 | 状态 | 备注 |
| 1 | 5838 | 300058381 | 自科库401/401自科库 15排4列1层/ [索取号:R395.6/L372] | 在馆 | |
| 2 | 5839 | 300058390 | 自科库401/401自科库 15排4列1层/ [索取号:R395.6/L372] | 在馆 |